000 01168cam a2200349 i 4500
001 18731126
003 OSt
005 20260427091814.0
008 150805s2015 txua b 001 0 eng
010 _a 2015948502
020 _a9781556712777
035 _a18731126
040 _aDLC
_beng
_erda
_cDLC
042 _apcc
043 _af------
_afb-----
050 0 0 _aHG1325
_b.M37 2015
100 1 _aMaranz, David E.,
_eauthor.
245 1 0 _aAfrican friends and money matters :
_bobservations from Africa /
_cDavid E. Maranz.
250 _aSecond edition.
264 1 _aDallas, Texas :
_bSIL International,
_c[2015]
300 _axv, 293 pages :
_billustrations ;
_c23 cm.
336 _atext
_btxt
_2rdacontent
337 _aunmediated
_bn
_2rdamedia
338 _avolume
_bnc
_2rdacarrier
490 0 _aSIL International publications in etnography ;
_v43
504 _aIncludes bibliographical references (pages 269-275) and index.
650 0 _aMoney
_zAfrica, Sub-Saharan.
650 0 _aFinance
_zAfrica, Sub-Saharan.
906 _a7
_bcbc
_corigres
_d2
_encip
_f20
_gy-gencatlg
942 _2lcc
_cBK
999 _c25
_d25